top 50 comic book/superhero movies - Statistics

General Stats
  • This quiz has been taken 51 times
  • The average score is 30 of 50
Answer Stats
Hint Answer % Correct
12. (2008) Iron Man
93%
11. (1989) Batman
90%
17.(2012) The Avengers
90%
25.(2022) The Batman
90%
34.(2011) Captain America The First Avenger
88%
23.(2002) Spider-Man
88%
40.(2012) The Amazing Spider-Man
88%
6.(1978) Superman
86%
1.(2008) The Dark Knight
86%
8.(2019) Avengers Endgame
79%
2.(2018) Avengers Infinity War
79%
15.(2018) Black Panther
74%
24.(2016) Deadpool
74%
3.(2017) Logan
74%
26.(2017) Wonder Woman
74%
38.(2015) Ant-Man
71%
14. (2016) Captain America Civil War
71%
9.(2014) Guardians Of The Galaxy
71%
18.(2017) Thor Ragnarök
71%
43.(2000) X-Men
71%
42.(2013) iron Man 3
69%
7. (2004) Spider-Man 2
69%
19.(2012) The Dark Knight Rises
69%
28.(2017) Spider-Man Homecoming
67%
48.(2018) Deadpool 2
64%
41.(2015) Avengers Age Of Ultron
62%
45.(2019) Spider-Man Far From home
62%
30.(2013) Man Of Steel
60%
20.(2021) Spider-Man No Way Home
60%
32.(2018) Aquaman
57%
29.(2024) Deadpool & Wolverine
57%
4.(2014) Captain America The Winter Soldier
55%
35.(2017) Guardians Of The Galaxy Vol 2
55%
44.(1998) Blade
52%
16.(2023) Guardians Of The Galaxy Vol 3
52%
31.(2003) X2
50%
21.(2021) The Suicide Squad
48%
36.(2011) X-Men First Class
48%
13. (2014) X-Men Days Of Future Past
45%
46.(2002) Blade 2
43%
27.(2019) Joker
40%
37.(2025) Thunderbolts
40%
5.(2018) Spider-Man Into The Spider-Verse
38%
39.(2009) Watchmen
38%
10. (2023) Spider-Man Across The Spider-Verse
29%
33.(2021) Shang-Chi & The Legend Of The Ten Rings
14%
50.(2014) Big Hero 6
12%
22.(2004) The Incredibles
12%
49.(1994) The Crow
10%
47.(2018) Incredibles 2
5%
No matching quizzes found
Score Distribution
Percent of People with Each Score
Percentile by Number Answered
Your Score History
You have not taken this quiz